Charles Berling. « Quand les politiques me demandent mon utilité, ils m’insultent » (notice n° 1870317)
[ vue normale ]
| 000 -LEADER | |
|---|---|
| fixed length control field | 00956cam a2200169 4500500 |
| 005 - DATE AND TIME OF LATEST TRANSACTION | |
| control field | 20260329012348.0 |
| 041 ## - LANGUAGE CODE | |
| Language code of text/sound track or separate title | fre |
| 042 ## - AUTHENTICATION CODE | |
| Authentication code | dc |
| 100 10 - MAIN ENTRY--PERSONAL NAME | |
| Personal name | Berling, Charles |
| Relator term | author |
| 245 00 - TITLE STATEMENT | |
| Title | Charles Berling. « Quand les politiques me demandent mon utilité, ils m’insultent » |
| 260 ## - PUBLICATION, DISTRIBUTION, ETC. | |
| Date of publication, distribution, etc. | 2024.<br/> |
| 500 ## - GENERAL NOTE | |
| General note | 69 |
| 520 ## - SUMMARY, ETC. | |
| Summary, etc. | Acteur et metteur en scène, Charles Berling a incarné plus d’une centaine de rôles au théâtre et au cinéma. Depuis 2011, il dirige le théâtre Châteauvallon-Liberté, scène nationale à Toulon. C’est donc à la fois comme artiste et comme responsable institutionnel qu’il nous a confié sa vision de l’exception culturelle. Non sans une profonde inquiétude. |
| 700 10 - ADDED ENTRY--PERSONAL NAME | |
| Personal name | Sibony, Judith |
| Relator term | author |
| 786 0# - DATA SOURCE ENTRY | |
| Note | Revue des deux Mondes | Décembre | 9 | 2024-12-01 | p. 39-45 | 2266-4734 |
| 856 41 - ELECTRONIC LOCATION AND ACCESS | |
| Uniform Resource Identifier | <a href="https://shs.cairn.info/revue-revue-des-deux-mondes-2024-9-page-39?lang=fr&redirect-ssocas=7080">https://shs.cairn.info/revue-revue-des-deux-mondes-2024-9-page-39?lang=fr&redirect-ssocas=7080</a> |
Pas d'exemplaire disponible.




Réseaux sociaux